| 000 | 00409pab a2200169 454500 | ||
|---|---|---|---|
| 008 | 180718b2009 xxu||||| |||| 00| 0 eng d | ||
| 100 | _aDileep Kumar | ||
| 245 | _aDisaster management: climate change and disaster management | ||
| 260 | _c2009 | ||
| 300 | _ap.45-49. | ||
| 362 | _aJun | ||
| 650 | _aClimatic change | ||
| 650 | _aDisaster prevention | ||
| 773 | _aYojana | ||
| 908 | _aN | ||
| 909 | _a82572 | ||
| 999 |
_c82572 _d82572 |
||